Les 20 villes les plus peuplées des Hauts-De-France - Statistiques

Statistiques générales
  • Ce quiz a été pris 77 fois
  • Le résultat moyen est 15 sur 20
Statistiques - réponses
Nbre d'habitants Departement Réponse % Correct
238 695 59 Lille
100%
134 780 80 Amiens
99%
67 585 62 Calais
95%
87 013 59 Dunkerque
92%
99 507 59 Roubaix
92%
99 160 59 Tourcoing
91%
32 697 62 Lens
89%
42 621 62 Arras
85%
42 979 59 Valenciennes
83%
55 906 60 Beauvais
81%
52 995 02 Saint-Quentin
79%
62 342 59 Villeneuve-d'Ascq
75%
41 039 62 Boulogne-sur-Mer
71%
39 833 59 Douai
69%
40 808 60 Compiègne
67%
31 568 59 Cambrai
59%
36 494 60 Creil
55%
40 881 59 Wattrelos
45%
30 113 62 Liévin
44%
39 943 59 Marcq-en-Barœul
35%
Aucun quiz correspondant
Distribution des résultats
% des personnes avec chaque résultat
Percentile par nombre de réponses
Votre historique - résultats
Vous n’avez pas pris ce quiz